[Event "Astrakhan FIDE GP"]
[Site "Astrakhan"]
[Date "2010.05.24"]
[Round "13"]
[White "Radjabov, Teimour"]
[Black "Wang, Yue"]
[Result "1/2-1/2"]
[WhiteElo "2740"]
[BlackElo "2752"]
[Annotator "Kritz,L"]
[PlyCount "182"]
[EventDate "2010.05.10"]
[EventType "tourn"]
[EventRounds "13"]
[EventCountry "RUS"]
[EventCategory "20"]
[SourceTitle "CBM 137"]
[Source "ChessBase"]
[SourceDate "2010.07.15"]
[SourceVersion "1"]
[SourceVersionDate "2010.07.15"]
[SourceQuality "1"]

1. e4 e5 2. Nf3 Nf6 3. Nxe5 d6 4. Nf3 Nxe4 5. Nc3 Nxc3 (5... d5 $6 {Der
Versuch direkt zu kontern endet mit einem Misserfolg:} 6. Qe2 Be7 7. Nxe4 dxe4
8. Qxe4 O-O 9. Bc4 Re8 10. Ne5 $1 $18) 6. dxc3 Be7 7. Be3 (7. Bf4 {ist eine
parallele Variante, in der die einfachste Methode auszugleichen die selbe ist,
wie nach 7.Be3.} Nc6 {Für Schwarz ist der Plan mit der langen Rochade der
sicherste, um Ausgleich zu erzielen.} 8. Qd2 Be6 9. O-O-O Qd7 10. Kb1 (10. h4
h6 11. g3 Bf6 12. Bg2 O-O-O 13. Kb1 Rhe8 14. Rhe1 Bg4 15. Qd5 Rxe1 16. Rxe1 Re8
$11 {Efimenko - Zhou Jianchao (Al Ain, 2008)}) 10... O-O-O $1 {Ich denke, nach
allen Experimenten mit 10....a6, die sofortige Rochade ist der beste Zug. Weiß
kann mittels Bb5 nichts rausholen, d.h. Schwarz braucht keine Zeit zu
verlieren.} 11. Bb5 (11. Ng5 Bxg5 12. Bxg5 f6 $11 {Efimenko - Sakaev 
(Kallithea, 2008)}) 11... a6 12. Ba4 (12. Bxc6 Qxc6 13. Nd4 $6 Qxg2 14. Rhg1
Qd5 15. Nxe6 Qxd2 16. Bxd2 fxe6 17. Rxg7 Bf6 $15) 12... Bf6 13. Bg5 (13. Nd4
Bd5 $11) 13... Bxg5 14. Qxg5 b5 15. Bb3 f6 16. Bxe6 Qxe6 17. Qf4 (17. Qxg7 Rdg8
18. Qh6 Rxg2 19. Rhe1 Qf5 $11) 17... h5 18. h3 g5 $11 {Ivanchuk - Kramnik 
(Moscow, 2008)}) 7... Nc6 8. Qd2 O-O {Ein möglicher Zug, wenn Schwarz eine
Stellung mit Chancen für beide Seiten spielen will. Wenn Schwarz auf Remis
eingestellt ist, dann ist 8....Be6 besser.} (8... Be6 9. O-O-O Qd7 10. Kb1 (10.
h4 h6 11. Nd4 {Typischerweise vereinfacht sich das Spiel nach dem
Springertausch, sodass Remis ein 99% Ergebnis ist.} (11. Kb1 O-O-O 12. Nd4 Nxd4
13. Bxd4 Rhg8 14. h5 c5 15. Be3 Qc6 $11 {Adams - Nielsen (Dortmund, 2005)}) (
11. Bb5 a6 12. Ba4 b5 $5 13. Bb3 Bf6 14. Bd5 O-O-O $1 $11 (14... Rb8 15. Kb1
Bxd5 16. Qxd5 $14 {Zawadzka - Socko (Karpacz, 2008)})) 11... Nxd4 12. Bxd4 (12.
cxd4 d5 $11) 12... Rg8 13. c4 (13. Bd3 c5 14. Be3 O-O-O $11 {Demnächst spielt
Schwarz d5.}) 13... O-O-O $11 {Dominguez Perez - Wang Yue (Linares, 2009)} (
13... c5 $6 {In dieser Stellung wäre das ein wenig zu optimistisch - die
weißen Läufer werden viel bessere Positionen einnehmen.} 14. Bc3 O-O-O 15. g3
$1 $14)) (10. Ng5 Bxg5 11. Bxg5 f6 12. Be3 O-O-O $11 {Der Vorteil des
Läuferpaares ist nicht auszunutzen.}) (10. Bb5 a6 11. Ba4 O-O 12. Rhe1 b5 13.
Bb3 Na5 $1 (13... Bxb3 14. axb3 a5 15. Qd5 $14 {Karjakin - Kritz (Gothenburg,
2005)}) 14. Bxe6 fxe6 $132) 10... Bf6 (10... O-O-O $5 11. Bb5 a6 12. Ba4 Bf6
13. Bd4 Bxd4 14. cxd4 Bd5 $11 {Belov - Belozerov (Tomsk, 2006)}) 11. Be2 (11.
Bb5 a6 {Am besten klärt man die weißen Pläne bezüglich seines weißfeldrigen
Läufers.} 12. Ba4 (12. Bxc6 Qxc6 13. Bd4 (13. Nd4 Qxg2 $15) 13... Bxd4 14. cxd4
(14. Nxd4 Qxg2 $15 {Da Schwarz demnächst lang rochiert, hat er nichts zu
befürchten, es ist eher Weiß, der sich um Ausgleich Gedanken machen muss.})
14... Qd5 15. b3 O-O-O $11) 12... O-O 13. Nd4 Bd5 14. f3 b5 15. Bb3 Bxb3 16.
Nxb3 Qf5 $11 {Es ist nichts von einem möglichen weißen Vorteil zu sehen.}) (11.
h4 h6 $11 {Typische Reaktion - man sollte Weiß nicht zu Ng5 lassen, falls er
mit dem Bauern nehmen kann.}) 11... O-O-O 12. Nd4 (12. Ng5 Bxg5 13. Bxg5 f6 $11
{Die Stellung wurde schon hundert Mal gespielt, Weiß verfügt über einen
symbolischen Vorteil, Schwarz sollte jedoch problemlos ein Remis schaffen.})
12... Bxd4 $1 {Die beste Fortsetzung, hier hat Weiß überhaupt keinen Vorteil.}
(12... Nxd4 13. Bxd4 Bxd4 14. Qxd4 c5 15. Qf4 d5 16. Bf3 $36 {Obwohl die
Stellung für Schwarz noch im grünen Bereich liegt, hat Weiß doch gewissen
Druck aufbauen können.}) 13. cxd4 (13. Bxd4 f6 14. Be3 $11 {Man kommt wieder
in diese Stellung rein, die sehr remislich ist.}) 13... d5 $11 {Dominguez
Perez - Wang Yue (Sofia, 2009). Die weißen Läufer haben keinen Vorteil
gegenüber schwarzem Läufer und Springer.}) 9. O-O-O Ne5 10. h4 $1 {Weiß lässt
Schwarz seine Bauern verdoppeln, in der Hoffnung auf die offene g-Linie.} ({
Die alte Hauptvariante erlaubt Schwarz gutes Spiel zu bekommen:} 10. Nd4 $6 c5
11. Nb5 Be6 12. Nxd6 Qb6 $44 {Tukhaev - Belikov (Alushta, 2005)}) 10... c6 $5 {
Die letzte Entwicklung der Theorie. Es gibt jedoch auch gute Alternativen.} (
10... Re8 11. h5 Bf6 (11... Bg4 12. Be2 Qc8 13. h6 g6 14. Nxe5 Bxe2 15. Nxg6 $1
Bxd1 16. Qd4 $18 {Ponomariov - Gelfand (Odessa, 2008)}) 12. Kb1 a6 13. Nh2 b5
14. Be2 Bb7 15. f4 Nd7 16. Bf3 Bxf3 17. gxf3 Qe7 18. Ng4 Qe6 19. Rdg1 $40 {
Svidler - Kramnik (Moscow, 2005)}) (10... Bg4 11. Be2 Qc8 12. h5 h6 13. Kb1 Re8
14. Rde1 Bf6 15. Nh2 Bxe2 16. Qxe2 d5 17. Bc1 Qd7 $11 {Jakovenko - Volokitin 
(Dagomys, 2008)}) (10... Nxf3 {Es ist nicht eindeutig, ob das Nehmen gut ist.
Man spielt so nicht, aber vielleicht ist die Angst vor dem weißen Angriff
übertrieben.} 11. gxf3 Be6 12. Bd3 f5 $1 {Begrenzt die weiße Aktivität am
Königsflügel.} 13. Bg5 Qd7 14. Rde1 Rae8 $11 {Radjabov - Motylev (Izmir, 2004)}
) 11. Kb1 (11. c4 Be6 12. Ng5 Nxc4 13. Qd3 Bxg5 $1 {Es sieht aus wie
Selbstmord, doch Schwarz hat genug Zeit, um seinen König zu sichern.} 14. hxg5
g6 15. Bf4 Qb6 16. Qd4 {Nach dem Damentausch hat Schwarz nichts zu fürchten.}
Qxd4 17. Rxd4 d5 18. Bxc4 dxc4 19. Be5 $11 {Gashimov - Gelfand (Astrakhan,
2010)}) 11... Bg4 12. Be2 Nxf3 {Es drohte 13.Nxe5.} (12... Qa5 $2 13. Nxe5 Bxe2
14. Nxc6 bxc6 15. Qxe2 Rab8 16. b3 $16 Qxc3 $4 17. Bd4 Qb4 18. Qxe7 $18) 13.
Bxf3 (13. gxf3 Bh5 $1 {Der Läufer steht auf h5 ganz gut - er verhindert den
Sturmlauf des weißen h-Bauern.} 14. f4 Bxe2 15. Qxe2 Re8 16. f5 Bf6 17. Qg4 d5
18. h5 Re4 $11 {Leko - Gelfand (Astrakhan, 2010). Es gilt als Regel, dass wenn
Schwarz die Kontrolle über die zentralen Felder erobert, der weiße Angriff
viel an Kraft verliert.}) 13... Bxf3 14. gxf3 Qa5 {Die Dame will eines der
beiden Schlüsselfelder, f5 oder h5, einnehmen und damit den weißen Angriff
neutralisieren.} 15. h5 Qf5 16. Rdg1 (16. h6 g6 17. Qd4 f6 $1 (17... Bf6 18.
Qxd6 Qxf3 19. Bf4 Bh8 20. Be5 $1 $16) (17... Qf6 18. Qxf6 Bxf6 19. Rxd6 $16)
18. f4 {Den Bauern sollte man nicht geben - Weiß hat keine ausreichende
Kompensation dafür.} (18. c4 Qxf3 $15) 18... d5 $11 {Beide Seiten haben ihre
Stärken und Schwächen, die Stellung hält sich im Gleichgewicht.}) 16... f6 $1 {
Das sieht verrückt aus, ist aber ein sehr starker Zug. Weiß hat keinen
weißfeldrigen Laeäufer, um die Schwäche der weißen Felder im schwarzen Lager
auszunutzen. Schwarz seinerseits will den König mittels Rf7-Bf8 sichern und
auch d5 spielen.} (16... Bf6 $2 17. Qxd6 $16) 17. Rg4 Rf7 $1 $146 ({In der
Vorgängerpartie spielte Gelfand} 17... Qxf3 18. Rhg1 Rf7 19. Bh6 Bf8 20. Bxg7
Rxg7 21. Rxg7+ Bxg7 22. h6 Kh8 {und hätte nun nach} 23. hxg7+ $1 (23. Rxg7 $2
Rg8 24. Rxg8+ Kxg8 25. Qe1 Kf7 $11 {Jakovenko - Gelfand (Astrakhan, 2010)})
23... Kg8 24. Qxd6 {eine sehr schwere Stellung gehabt:} Re8 25. Qd7 Qe2 26. b3
$18) 18. Rf4 (18. Rhg1 $2 {Nun kann Weiß die Türme nicht verdoppeln, weil der
Bauer h5 hängt.} Qxh5 $15) (18. h6 g6 $11 {Es ist nicht zu sehen, wie Weiß mit
seinem Angriff voran kommen kann.}) 18... Qe6 19. Re4 Qf5 20. Rf4 Qe6 21. Re4
Qd7 $5 {Schwarz schätzt seine Stellung als vielversprechend ein und will die
Züge nicht zum dritten Mal wiederholen.} 22. c4 {Richtige Entscheidung - man
sollte d5 verhindern.} (22. h6 g6 23. Rg1 d5 24. Reg4 Qe6 $15) 22... Bf8 23.
Rg4 Qf5 24. Rf4 Qe6 25. Re4 Qf5 26. Rf4 Qe6 27. Re4 Qd7 {Schwarz lehnt wieder
das Remisangebot ab, sieht jedoch ziemlich planlos aus.} 28. Rg4 b6 {Die Idee
hinter diesem Zug ist den Turm a8 ins Spiel zu bringen, sodass der Bauer a7
nicht verloren geht.} 29. Qd3 f5 $1 {Richtige Prophylaxe! Weiß hatte seine
erste richtige Drohung in Sicht.} (29... Re8 $2 30. h6 g6 31. Rxg6+ $3 hxg6 32.
Qxg6+ Bg7 (32... Kh8 33. Rg1 Bg7 34. hxg7+ Rxg7 35. Qxf6 $16) 33. hxg7 Rxg7 34.
Qxf6 $16 {Weiß hat die besseren Karten, weil der schwarze König sehr offen
steht. Die Bauern d6 und c6 sind auch anfällig.}) 30. Rd4 Re8 31. Bf4 Rf6 32.
Rd1 h6 33. b3 Ree6 {Wie so oft in dieser Variante, greifen alle weißen Figuren
an, alle schwarzen verteidigen, und dabei kann Weiß nicht durchbrechen, weil
nicht genug Material auf dem Brett ist.} 34. Bg3 Qe8 35. Bh4 Rf7 36. Bg3 f4 37.
Rxf4 {Der einzige Zug.} (37. Bxf4 $2 c5 38. Re4 Rxe4 39. fxe4 Rxf4 $19) (37.
Bh4 Re5 38. Qg6 Rff5 $17) 37... Rxf4 38. Bxf4 Qxh5 $15 {Weiß hat
offensichtlich was falsch gemacht.} 39. Bc1 (39. Rg1 Rf6 $15 {und Schwarz
drückt auf der f-Linie.}) 39... Qg6 $1 {Da der schwarze König schwächer ist
als der weiße, muss Schwarz die Damen tauschen. Damit werden seine Bauern am
Königsflügel beweglich. Weiß kann dem Tausch nicht entgehen, weil ansonsten
die schwarze Dame das sehr wichtige Feld f5 einnehmen wird.} 40. Qxg6 (40. Qf1
Qf5 $15) 40... Rxg6 41. Be3 Rf6 $2 {Wie so oft in den heutigen Partien, wenn
es zum Endspiel kommt, fällt die Spielqualität gewaltig. Statt des schnellen,
dynamischen Spiels muss Schwarz seinen König ins Zentrum bringen.} (41... Kf7
$1 42. Kc1 Ke6 $17 {Die weiße Lage ist sehr traurig.}) 42. f4 Rf5 $2 {Jetzt
auch, der beste Zug ist natürlich Kf7!} (42... Kf7 43. Kc1 Ke6 44. Kd2 Kf5 $17)
43. c3 d5 44. cxd5 Rxd5 45. Rg1 (45. Rxd5 cxd5 $19 {Das Läuferendspiel ist
verloren - der schwarze entfernte Freibauer entscheidet die Partie.}) 45... Kf7
46. Kc2 g6 47. c4 Rd7 48. f5 $1 {Die beste Chance, die Weiß hat. Wenn Schwarz
demnächst mit seinem König nach f5 gekommen wäre, hätte Weiß aufgeben können.}
gxf5 49. a4 c5 50. Rh1 Kg6 51. Rg1+ Kf6 52. Rh1 Kg6 53. Rg1+ Kh7 {Hier bitte
schön: der schwarze König ist nun am Rande des Brettes und ein konkreter
Gewinnplan ist schwer zu finden.} 54. Rh1 a5 55. Rh5 Kg6 56. Rh1 {Weiß sieht,
dass Schwarz die Schachgebote nicht verhindern kann.} Bg7 (56... Rh7 57. Rg1+
Kf6 58. Bf4 h5 59. Bg5+ (59. Kd3 $2 Bh6 $19) 59... Kf7 60. Rd1) 57. Rg1+ Kh7
58. Rh1 Bf8 59. Rh5 Kg6 60. Rh1 {Schwarz weiß nicht, was zu tun.} Rd6 61. Bf4
Re6 62. Kd2 h5 63. Re1 $1 {Deswegen hat Weiß den König nach d2 und nicht nach
d3 gestellt.} (63. Rg1+ $2 {Hier funktionieren die Schachgebote nicht mehr:}
Kf7 64. Rh1 Bh6 $19) 63... Rc6 {Schwarz darf die Türme nicht tauschen.} (63...
Rxe1 64. Kxe1 Bg7 $8 (64... h4 65. Bc7 h3 66. Kf1 $16 {und Weiß steht sogar
besser, weil er zwei Bauern am Damenflügel gewinnt.}) 65. Bc7 Bc3+ 66. Ke2 Bb4
67. Bxb6 $11) 64. Ke3 Re6+ 65. Kd2 Rf6 66. Be5 {Nun wird es ganz schwer, was
zu machen - die weißen Figuren stehen auf ihren besten Positionen.} Rc6 (66...
Bh6+ 67. f4 Re6 68. Rg1+ Kf7 69. Kd3 $11) 67. Rg1+ Kf7 68. Ke3 Bh6+ 69. f4 $11
{Die schwarze Figuren sind zu passiv, Weiß hat sich gerettet.} h4 70. Rh1 Re6
71. Kf2 Bg7 72. Bxg7 Kxg7 73. Rxh4 Re4 74. Kf3 Re1 75. Rh3 {Im weiteren alles
was Weiß braucht, ist, seinen Turm auf h3 oder g3 zu halten, und mit dem König
auf den Feldern f2-g2 herumzulaufen. Der schwarze König hat kein Durchkommen
und das Bauernendspiel ist selbstverständlich remis.} Rb1 76. Rg3+ Kf6 {
Schwarz muss auf die f-Linie.} (76... Kh6 77. Rh3+ Kg6 78. Rg3+ Kh5 79. Rh3+
Kg6 80. Rg3+ $11) 77. Kg2 Rb2+ 78. Kf1 Rh2 79. Kg1 Rd2 80. Kf1 Rd4 81. Rf3 Kg6
82. Kg2 Kh5 83. Kh3 Re4 84. Kg3 Re1 85. Rd3 Rg1+ 86. Kh3 Rg4 87. Rf3 Rh4+ 88.
Kg3 Rh1 89. Re3 Rg1+ 90. Kh3 Rf1 91. Kg3 Rg1+ 1/2-1/2

[Event "Dortmund SuperGM 36th"]
[Site "Dortmund"]
[Date "2008.07.01"]
[Round "3"]
[White "Naiditsch, Arkadij"]
[Black "Kramnik, Vladimir"]
[Result "1-0"]
[WhiteElo "2624"]
[BlackElo "2788"]
[Annotator "Kritz,L"]
[PlyCount "83"]
[EventDate "2008.06.28"]
[EventType "tourn"]
[EventRounds "7"]
[EventCountry "GER"]
[EventCategory "18"]
[SourceTitle "CBM 125"]
[Source "ChessBase"]
[SourceDate "2008.07.30"]
[SourceVersion "1"]
[SourceVersionDate "2008.07.30"]
[SourceQuality "1"]

1. e4 e5 2. Nf3 Nf6 3. Nxe5 d6 4. Nf3 Nxe4 5. d4 d5 6. Bd3 Nc6 7. O-O Be7 8.
Re1 Bg4 9. c4 Nf6 10. Nc3 Bxf3 11. Qxf3 Nxd4 12. Qd1 Ne6 13. cxd5 Nxd5 14. Bb5+
c6 15. Nxd5 cxb5 16. Bf4 (16. Qb3 O-O 17. Nxe7+ Qxe7 18. Qxb5 a6 19. Qb3 Rac8
20. Be3 Rfd8 21. Rad1 h6 22. h3 $11 {1/2-1/2 Rozentalis - Sutovsky (Esbjerg,
2001)}) 16... Nxf4 (16... O-O $2 {loses material after verliert nach} 17. Nxe7+
Qxe7 18. Bd6 $16 {Material.}) 17. Rxe7+ Kf8 18. Re5 Qd6 {This position has
already occurred several times.  Diese Stellung kam schon einige Male vor.} 19.
Qd2 $1 $146 {A very strong innovation! White wastes no time on rook moves and
continues his development. Eine sehr starke Neuerung! Weiß verliert keine Zeit
für Züge mit dem Turm und setzt seine Entwicklung fort.} (19. Rf5 {After the
exchange of queens and rooks, White can achieve an advantage: Nach dem Tausch
von Turm und Dame kann Weiß keinen Vorteil erreichen:} Rd8 20. Ne3 Qxd1+ 21.
Rxd1 Rxd1+ 22. Nxd1 Ne6 23. Rxb5 b6 24. Nc3 Ke7 {1/2-1/2 Kasimdzhanov -
Jussupow (Essen, 2001)}) 19... Ng6 $2 {This is a mistake. Now Black comes
under pressure. Das ist ein Fehler. Jetzt kommt Schwarz unter Druck.} (19...
Qxe5 $5 {would have been stronger. Wäre stärker gewesen.} 20. Qb4+ Ke8 (20...
Kg8 21. Ne7+ Kf8 22. Ng6+ $18) 21. Re1 (21. Qxb5+ Kd8 22. Rd1 Ne2+ 23. Kf1 (23.
Kh1 $142 Nd4 24. Qxb7 Rc8 25. h3 Rc5 (25... g5 $5) 26. Ne3 Re8 27. Nf5 Rc7 $2 (
27... Qe1+ $142) 28. Qb8+ Kd7 29. Rxd4+ Kc6 30. Qb3 Re6 31. Qf3+ Kb6 32. Rb4+
Kc5 33. Rb8 Qe1+ 34. Kh2 Qe5+ 35. g3 Rb6 36. Qa3+ Kb5 37. Nd6+ Kc6 38. Rd8 Qd4
39. Qf3+ Qd5 40. Qxd5+ Kxd5 41. Ne8+ Ke5 42. Nxc7 Rxb2 43. Kg2 Rxa2 44. Rd7 Kf6
45. Ne8+ Ke6 46. Rd3 g6 47. Re3+ Kf5 48. Re7 {1-0 Smirnov,P (2592)-Neelotpal,D
(2462)/Pardubice op 2008/20.07.2008}) 23... Nd4 24. Qa5+ b6 25. Qa4 Re8 $1 26.
Ne3 Ke7 $17) (21. Nxf4 a5 22. Qd2 Rd8 $17) 21... Ne2+ (21... Qxe1+ 22. Qxe1+
Ne6 23. Qb4 Kd7 24. Qe7+ Kc8 (24... Kc6 25. Nb4+ Kb6 26. Qd6+ Ka5 27. Nd5 $18)
25. Qxf7 $18) 22. Kf1 Rc8 (22... Kd7 23. Rxe2 Qxd5 24. Rd2 (24. Qe7+ Kc6 25.
Rc2+ Kb6 26. Qe3+ Ka5 27. Qa3+ Kb6 28. Qe3+ $11) 24... Qxd2 25. Qxd2+ Ke6 26.
Qe3+ Kf6 27. Qc3+ Ke6 28. Qxg7 $14 {In such an endgame, White has the better
chances, because Black has a bad king and a weak h-pawn. In so einem Endspiel
hat Weiß bessere Chancen, weil Schwarz einen schlechten König und einen
schwachen h-Bauern hat.}) 23. f4 (23. Qd2 Kd8 24. Nb6+ (24. Rxe2 Qd6 $17) 24...
Kc7 25. Nxc8 Rxc8 26. Rxe2 Qd6 $15) 23... Qxd5 24. Rxe2+ Kd7 25. Rd2 Rc5 26.
Rxd5+ Rxd5 $11) 20. Ree1 f6 (20... Rd8 21. Rad1 Ne7 (21... f6 22. Qe3 $16) 22.
Qe3 Nc6 (22... Nxd5 23. Rxd5 Qxd5 24. Qe7+ Kg8 25. Qe8+ Rxe8 26. Rxe8#) 23. Nf6
$3 Qxf6 (23... Qxd1 24. Qc5+ Qd6 25. Qxd6+ Rxd6 26. Re8#) 24. Qc5+ Kg8 25. Rd6
$3 $18) 21. Rad1 Kf7 (21... Re8 22. Rxe8+ Kxe8 23. Nxf6+ Qxf6 24. Qd7+ Kf8 25.
Qc8+ Kf7 26. Rd7+ Ne7 (26... Ke6 27. Rd8+ $18) 27. Qxh8 Qxb2 28. Qd8 Qa1+ 29.
Rd1 Qxa2 30. Qd3 $16 {With his bad king, Black has little chance of holding
the position. The queenside pawns will fall one after the other. Aufgrund des
schlechten Königs hat Schwarz kaum Chancen, die Stellung zu halten. Die Bauern
am Damenflügel werden einer nach dem anderen fallen.}) 22. Qe3 Rhe8 (22... Rhd8
23. Qb3 Kf8 24. Ne7 $16) 23. Ne7 $1 Qxe7 (23... Rxe7 24. Rxd6 Rxe3 25. Rxe3 $18
) 24. Qb3+ Kf8 25. Rxe7 Rxe7 26. Qxb5 $18 {Technically, the position is won.
Black has no chance to set up a fortress. Die Stellung ist technisch gewonnen.
Schwarz hat keine Chancen, eine Festung aufzubauen.} Rae8 27. g3 Ne5 28. Kg2
Nc6 29. b4 a6 30. Qb6 h6 31. a4 Ne5 32. Qc5 Kg8 33. b5 axb5 34. axb5 Nf7 35. h4
Kh8 36. Rd2 Kg8 37. Kh3 Kh8 38. f4 Kg8 39. h5 Kh8 40. Qf5 Nd8 41. Rd7 Ne6 42.
Qd5 1-0